[Event "Julius Baer GC - Preliminari"]
[Site "Internet"]
[Date "18.09.2022"]
[Round "2"]
[White "Giri, Anish"]
[Black "Carlsen, Magnus"]
[Result "1/2-1/2"]
[WhiteTitle ""]
[BlackTitle ""]
[WhiteElo "2764"]
[BlackElo "2861"]
[WhiteFideId "24116068"]
[BlackFideId "1503014"]
[EventDate "18.09.2022"]

1. e4 d6 2. d4 g6 3. Nf3 Bg7 4. Be2 Nf6 5. Nc3 O-O 6. O-O Nc6 7. d5 Nb8 8. Be3
e5 9. dxe6 Bxe6 10. Qd2 Nc6 11. h3 d5 12. exd5 Nxd5 13. Nxd5 Qxd5 14. Qxd5 Bxd5
15. c3 Ne5 16. Nxe5 Bxe5 17. Rfd1 c6 18. Bd4 Rfe8 19. Bf1 Bxd4 20. Rxd4 Be6 21.
b3 a5 22. Rad1 a4 23. bxa4 Bxa2 24. Bc4 c5 25. Rf4 Rxa4 26. Bxf7+ Bxf7 27. Rxa4
Bb3 28. Raa1 Bxd1 29. Rxd1 b5 30. Rd5 Re1+ 31. Kh2 c4 32. Rxb5 Rc1 33. Rc5 Rxc3
34. Rc7 h5 35. h4 Kf8 36. Rc6 Kf7 37. f3 Rc2 38. Kg3 c3 39. Kf4 Rxg2 40. Rxc3
Kf6 41. Rc6+ Kf7 42. Rc3 Kf6 43. Rc6+ Kf7 44. Rc3 1/2-1/2

[Event "Julius Baer GC - Preliminari"]
[Site "Internet"]
[Date "19.09.2022"]
[Round "5"]
[White "Duda, Jan-Krzysztof"]
[Black "Giri, Anish"]
[Result "1-0"]
[WhiteTitle ""]
[BlackTitle ""]
[WhiteElo "2731"]
[BlackElo "2764"]
[WhiteFideId "1170546"]
[BlackFideId "24116068"]
[EventDate "2022.09.18"]

1. d4 Nf6 2. c4 g6 3. f3 e6 4. e4 c5 5. d5 d6 6. Nc3 Bg7 7. Nge2 exd5 8. cxd5 a6
9. a4 Nbd7 10. Ng3 h5 11. Be2 h4 12. Nf1 Rb8 13. Ne3 Nh5 14. a5 Ne5 15. O-O Nf4
16. Kh1 O-O 17. Rf2 b5 18. axb6 Qxb6 19. Nc4 Nxc4 20. Bxc4 Be5 21. Ne2 g5 22.
Nxf4 gxf4 23. Rc2 Kg7 24. Bd2 f5 25. Bc3 Bxc3 26. bxc3 a5 27. Qe1 fxe4 28. Qxh4
Qd8 29. Qxd8 Rxd8 30. fxe4 Re8 31. Bd3 Kf6 32. Rf2 Ke5 33. Bc2 Bd7 34. h3 Ra8
35. Ba4 Bxa4 36. Rxa4 Rf8 37. Kh2 Rf7 38. Rf3 Rb8 39. Rxa5 Rb2 40. Ra8 Kxe4 41.
Rg8 Kxd5 42. h4 Ke4 43. Kh3 Rbb7 44. Re8+ Rbe7 45. Rd8 d5 46. Rf1 Rd7 47. Re8+
Kd3 48. Rf3+ Kc4 49. h5 Rd6 50. g4 d4 51. cxd4 cxd4 52. Rc8+ Kd5 53. g5 Ke4 54.
Kg4 d3 55. g6 Re7 56. Rc4+ Ke5 57. Rcxf4 Ke6 58. Rf6+ 1-0

[Event "Julius Baer GC - Preliminari"]
[Site "Internet"]
[Date "19.09.2022"]
[Round "5"]
[White "Gelfand, Boris"]
[Black "Ivanchuk, Vassily"]
[Result "1/2-1/2"]
[WhiteTitle ""]
[BlackTitle ""]
[WhiteElo "2668"]
[BlackElo "2678"]
[WhiteFideId "2805677"]
[BlackFideId "14100010"]
[EventDate "2022.09.18"]

1. Nf3 c5 2. c4 g6 3. e4 Nc6 4. d4 cxd4 5. Nxd4 Nf6 6. Nc3 d6 7. f3 Nxd4 8. Qxd4
Bg7 9. Be3 O-O 10. Qd2 Qa5 11. Rc1 Be6 12. b3 Rfc8 13. Bd3 a6 14. Nd5 Qxd2+ 15.
Kxd2 Nxd5 16. cxd5 Bd7 17. Rxc8+ Rxc8 18. Rc1 Rxc1 19. Kxc1 e6 20. dxe6 Bxe6 21.
Kd2 Kf8 22. Bc4 Bxc4 23. bxc4 h5 24. Kd3 Ke7 25. h3 Ke6 26. g4 hxg4 27. hxg4 Kd7
28. a4 Kc6 29. f4 Bf6 30. f5 Bd8 31. Bd4 b5 32. axb5+ axb5 33. cxb5+ Kxb5 34.
Bb2 Kc6 35. Kc4 Bg5 36. Bc3 Bf4 37. Bd4 Bg5 38. Bc3 Bf4 39. Bd4 Bg5 40. Bc3 1/2-1/2

[Event "Julius Baer GC - Preliminari"]
[Site "Internet"]
[Date "19.09.2022"]
[Round "5"]
[White "Yoo, Christopher"]
[Black "Saric, Ivan"]
[Result "1/2-1/2"]
[WhiteTitle ""]
[BlackTitle ""]
[WhiteElo "2563"]
[BlackElo "2668"]
[WhiteFideId "30909694"]
[BlackFideId "14508150"]
[EventDate "2022.09.18"]

1. d4 Nf6 2. c4 g6 3. Nf3 Bg7 4. g3 c6 5. Bg2 d5 6. cxd5 cxd5 7. O-O O-O 8. Ne5
Nfd7 9. Nxd7 Qxd7 10. Nc3 e6 11. b3 Nc6 12. e3 b6 13. Ba3 Rd8 14. Rc1 Ba6 15.
Re1 Rac8 16. Bf1 Bxf1 17. Rxf1 h5 18. Ne2 e5 19. Bb2 e4 20. Ba3 Bh6 21. Nc3 h4
22. gxh4 Qh3 23. h5 Nxd4 24. Qxd4 Bg7 25. Qd2 Qg4+ 26. Kh1 Qf3+ 27. Kg1 Qg4+ 28.
Kh1 Qf3+ 29. Kg1 Qg4+ 1/2-1/2

[Event "Julius Baer GC - Preliminari"]
[Site "Internet"]
[Date "19.09.2022"]
[Round "5"]
[White "Wojtaszek, Radoslaw"]
[Black "Praggnanandhaa, Rameshbabu"]
[Result "1/2-1/2"]
[WhiteTitle ""]
[BlackTitle ""]
[WhiteElo "2696"]
[BlackElo "2676"]
[WhiteFideId "1118358"]
[BlackFideId "25059530"]
[EventDate "2022.09.18"]

1. d4 Nf6 2. c4 e6 3. Nf3 d5 4. cxd5 exd5 5. Nc3 c6 6. Bg5 h6 7. Bh4 Bf5 8. e3
Nbd7 9. Bd3 Bxd3 10. Qxd3 Be7 11. O-O O-O 12. a3 a5 13. Qc2 Re8 14. Rab1 Nb6 15.
Nd2 Nfd7 16. Bxe7 Qxe7 17. b4 axb4 18. axb4 Nc8 19. b5 Nd6 20. bxc6 bxc6 21. Na4
Ra6 22. Nc5 Nxc5 23. Qxc5 Rea8 24. Rb6 Rxb6 25. Qxb6 Qb7 26. Qxb7 Nxb7 27. Rc1
Ra6 28. Nf3 c5 29. dxc5 Nxc5 30. h4 Ne6 31. Ne5 Rd6 32. Ra1 d4 33. Ra8+ Nf8 34.
exd4 Rxd4 35. h5 Rd6 36. g4 g5 37. hxg6 fxg6 38. f4 Rf6 39. Kh2 Rxf4 40. Nxg6
Rf6 41. Nxf8 Rxf8 42. Rxf8+ Kxf8 43. Kg3 Kg7 44. Kf4 Kg6 45. Kf3 h5 46. gxh5+
Kxh5 1/2-1/2

[Event "Julius Baer GC - Preliminari"]
[Site "Internet"]
[Date "19.09.2022"]
[Round "5"]
[White "Keymer, Vincent"]
[Black "Aronian, Levon"]
[Result "1-0"]
[WhiteTitle ""]
[BlackTitle ""]
[WhiteElo "2693"]
[BlackElo "2759"]
[WhiteFideId "12940690"]
[BlackFideId "13300474"]
[EventDate "2022.09.18"]

1. Nf3 d5 2. e3 Nf6 3. c4 e6 4. b3 Bd6 5. Bb2 O-O 6. Nc3 c5 7. cxd5 exd5 8. d4
cxd4 9. Nxd4 Nc6 10. Be2 Re8 11. O-O Nxd4 12. Qxd4 Be5 13. Qd2 Bg4 14. Bxg4 Nxg4
15. h3 Nf6 16. Rfd1 Qa5 17. Rac1 Rad8 18. Na4 Qxd2 19. Rxd2 Ne4 20. Rdd1 Bxb2
21. Nxb2 Kf8 22. Rc7 Re7 23. Rc2 Ree8 24. Na4 b6 25. Nc3 Rc8 26. Rdc1 Rc5 27.
Nxe4 Rxc2 28. Rxc2 dxe4 29. h4 h5 30. Kh2 g6 31. b4 Re6 32. Rc8+ Kg7 33. b5 Re5
34. a4 Rf5 35. Kg3 g5 36. hxg5 Rxg5+ 37. Kh2 Rf5 38. Kg1 Rd5 39. Rc7 Rd1+ 40.
Kh2 Rd2 41. Kg3 Kg6 42. Rxa7 Ra2 43. Ra6 Kg5 44. Rxb6 h4+ 45. Kh3 Rxa4 46. Rb7
Ra1 47. f4+ exf3 48. gxf3 Ra3 49. f4+ Kg6 50. Re7 Rb3 51. Re5 f6 52. Rc5 Rxe3+
53. Kxh4 Kf7 54. Kg4 Kg6 55. f5+ Kh6 56. Kf4 Re1 57. Rc3 Rb1 58. Rc5 Re1 59. Rc6
Rf1+ 60. Kg4 Rg1+ 61. Kf4 Rf1+ 62. Ke4 Kg5 63. Rc5 Rd1 64. Rd5 Rb1 65. Kd4 Kf4
66. Kc5 Ke4 67. Kc6 1-0

[Event "Julius Baer GC - Preliminari"]
[Site "Internet"]
[Date "19.09.2022"]
[Round "5"]
[White "Carlsen, Magnus"]
[Black "Navara, David"]
[Result "1/2-1/2"]
[WhiteTitle ""]
[BlackTitle ""]
[WhiteElo "2861"]
[BlackElo "2681"]
[WhiteFideId "1503014"]
[BlackFideId "309095"]
[EventDate "2022.09.18"]

1. d4 Nf6 2. c4 e6 3. Nf3 d5 4. cxd5 exd5 5. Nc3 c6 6. Bf4 Bf5 7. e3 Bd6 8. Bxd6
Qxd6 9. Nh4 Be6 10. Bd3 Nbd7 11. h3 Nb6 12. O-O O-O 13. Nf3 Qe7 14. Qc2 g6 15.
Rae1 Nc8 16. Ng5 Nd6 17. Nxe6 fxe6 18. e4 dxe4 19. Bxe4 Nfxe4 20. Nxe4 Nxe4 21.
Rxe4 Rad8 22. Rfe1 Rf6 23. R1e3 Rd5 24. a3 Qd6 25. Qc3 Rdf5 26. Re2 Rf4 27. Rxf4
Rxf4 28. Qb3 Rf7 29. Re4 c5 30. Qxe6 Qxe6 31. Rxe6 cxd4 32. Rd6 Rc7 33. Rxd4 b6
34. g4 Kf7 35. Kg2 Ke6 36. Re4+ Kf6 37. Kg3 Rc2 38. Rb4 g5 39. Rb5 Kg6 40. f3
Rd2 41. h4 h6 42. a4 Rc2 43. Rd5 Rxb2 44. Rd6+ Kg7 45. Rd7+ Kh8 46. Rxa7 Ra2 47.
Ra8+ Kg7 48. Ra6 Kh7 49. Ra7+ Kg8 50. Rb7 Rxa4 51. Rxb6 Kg7 52. Rb7+ Kf6 53. h5
Ra6 54. Kf2 Ra2+ 55. Ke3 Ra3+ 56. Ke4 Ra4+ 57. Kd5 Ra7 58. Rb6+ Kg7 59. Rg6+ Kh7
60. Rd6 Rf7 61. Ke4 Rf4+ 62. Ke3 Kg7 63. Rd7+ Kg8 64. Rd4 Rf6 65. Rd8+ Kg7 66.
Rd7+ Kg8 67. Rd3 Rf4 1/2-1/2

[Event "Julius Baer GC - Preliminari"]
[Site "Internet"]
[Date "19.09.2022"]
[Round "5"]
[White "Adhiban, Baskarat"]
[Black "Le, Quang Liem"]
[Result "0-1"]
[WhiteTitle ""]
[BlackTitle ""]
[WhiteElo "2603"]
[BlackElo "2728"]
[WhiteFideId "5018471"]
[BlackFideId "12401137"]
[EventDate "2022.09.18"]

1. d4 Nf6 2. c4 e6 3. Nc3 d5 4. cxd5 exd5 5. Bg5 Bb4 6. Qb3 c5 7. dxc5 Nc6 8.
O-O-O Be6 9. Bxf6 Qxf6 10. Nxd5 Qxf2 11. Nc7+ Ke7 12. Nxe6 fxe6 13. Qg3 Qxg3 14.
hxg3 Bxc5 15. e4 Rac8 16. Nf3 Bd6 17. Rh3 Ne5+ 18. Kb1 Ng4 19. Rh5 g6 20. Rb5 b6
21. e5 Bc5 22. Rb3 Rhd8 23. Rxd8 Rxd8 24. Rd3 Rxd3 25. Bxd3 Bf2 26. Ng5 Bxg3 27.
Ne4 Bxe5 28. Be2 Ne3 29. g4 h6 30. b3 Nd5 31. Kc2 Nf4 32. Bd1 h5 33. gxh5 gxh5
34. Kd2 h4 35. Ke3 h3 36. Bf3 Nd5+ 37. Kd2 Nb4 38. a4 Nc6 39. Bh1 h2 40. Kd3 Bd6
41. Kc4 a6 42. Kd3 Ne5+ 43. Ke2 a5 44. Nd2 Bc5 45. Ne4 Bg1 46. Kd2 Kf7 47. Kc3
Bc5 48. Kd2 Kg6 49. Ke2 Kf5 50. Ng3+ Kg4 51. Ne4 Kf4 52. Nf6 Be7 53. Ne4 Nc6 54.
Kd3 e5 55. Nc3 Nb4+ 56. Ke2 Bc5 57. Ne4 Nc2 58. Nd2 Bb4 59. Nc4 Nd4+ 60. Kd3
Nxb3 61. Nxb6 e4+ 62. Ke2 Ke5 63. Nd7+ Kd4 64. Nb8 Nc1+ 65. Kd1 e3 66. Nc6+ Kc3 0-1

[Event "Julius Baer GC - Preliminari"]
[Site "Internet"]
[Date "19.09.2022"]
[Round "6"]
[White "Giri, Anish"]
[Black "Le, Quang Liem"]
[Result "1/2-1/2"]
[WhiteTitle ""]
[BlackTitle ""]
[WhiteElo "2764"]
[BlackElo "2728"]
[WhiteFideId "24116068"]
[BlackFideId "12401137"]
[EventDate "2022.09.18"]

1. e4 e5 2. Nf3 Nc6 3. Bb5 a6 4. Ba4 Nf6 5. O-O Nxe4 6. d4 b5 7. Bb3 d5 8. dxe5
Be6 9. Nbd2 Nc5 10. c3 d4 11. Bxe6 Nxe6 12. cxd4 Ncxd4 13. a4 Bb4 14. axb5 Nxb5
15. Qa4 c5 16. Nc4 O-O 17. Be3 Nbd4 18. Bxd4 Nxd4 19. Nxd4 Qxd4 20. Qc2 a5 21.
Rad1 Qg4 22. b3 Qg6 23. Qxg6 hxg6 24. Rd3 Rfd8 25. Rfd1 Rxd3 26. Rxd3 a4 27.
bxa4 Rxa4 28. g3 Ba5 29. Nxa5 Rxa5 30. Rd8+ Kh7 31. Rd7 Kg8 32. Rd8+ Kh7 33. Rf8
c4 34. Rxf7 Rxe5 35. Rc7 Re1+ 36. Kg2 Rc1 37. h4 Kg8 38. Kf3 Rc2 39. Ke3 c3 40.
Kf3 Kf8 41. Ke3 Kg8 42. g4 Kf8 43. Kf3 Kg8 44. Kg3 Kh7 45. Rc6 Rc1 46. Kf4 Rh1
47. Kg5 Rh3 48. Rxg6 Rxh4 49. Rc6 Rh2 50. f4 c2 51. Rc8 Rd2 52. f5 Rf2 53. Rc7
Rd2 54. f6 Rd5+ 55. Kh4 c1=Q 56. Rxc1 gxf6 57. Rf1 Kg6 58. Rf4 f5 59. gxf5+ Rxf5
60. Rxf5 Kxf5 1/2-1/2

[Event "Julius Baer GC - Preliminari"]
[Site "Internet"]
[Date "19.09.2022"]
[Round "6"]
[White "Navara, David"]
[Black "Adhiban, Baskarat"]
[Result "1/2-1/2"]
[WhiteTitle ""]
[BlackTitle ""]
[WhiteElo "2681"]
[BlackElo "2603"]
[WhiteFideId "309095"]
[BlackFideId "5018471"]
[EventDate "2022.09.18"]

1. d4 f5 2. Nf3 Nf6 3. g3 g6 4. Bg2 Bg7 5. O-O O-O 6. c4 d6 7. Nc3 c6 8. d5 e5
9. dxe6 Bxe6 10. b3 Ne4 11. Nxe4 fxe4 12. Nd4 Qd7 13. Bxe4 Bh3 14. Re1 Qf7 15.
Be3 Nd7 16. Nf3 Bxa1 17. Qxa1 Bf5 18. Bxf5 Qxf5 19. Rd1 Ne5 20. Rxd6 Nxf3+ 21.
exf3 Qxf3 22. Qd4 Rae8 23. Rd7 Rf7 24. h4 Rxd7 25. Qxd7 Qf7 26. Qd4 Qg7 27. Qxa7
Rd8 28. Bg5 Rd1+ 29. Kh2 h6 30. Be3 Qe7 31. Qb8+ Qf8 32. Qxb7 Qf3 33. Qb8+ Kh7
34. Qc7+ Kg8 35. Qb8+ Kh7 36. Qc7+ Kg8 37. Qb8+ 1/2-1/2

[Event "Julius Baer GC - Preliminari"]
[Site "Internet"]
[Date "19.09.2022"]
[Round "6"]
[White "Praggnanandhaa, Rameshbabu"]
[Black "Keymer, Vincent"]
[Result "1-0"]
[WhiteTitle ""]
[BlackTitle ""]
[WhiteElo "2676"]
[BlackElo "2693"]
[WhiteFideId "25059530"]
[BlackFideId "12940690"]
[EventDate "2022.09.18"]

1. Nf3 d5 2. g3 c5 3. Bg2 Nf6 4. O-O e6 5. d3 Be7 6. Nbd2 Nc6 7. e4 O-O 8. e5
Nd7 9. Re1 Qc7 10. Qe2 b5 11. Nf1 Bb7 12. h4 Rfc8 13. Bf4 a5 14. h5 h6 15. N1h2
Qd8 16. Qd2 Nf8 17. Ng4 Nh7 18. c3 Bf8 19. Rec1 b4 20. a4 Rab8 21. d4 bxc3 22.
bxc3 cxd4 23. cxd4 Ba6 24. Bf1 Bxf1 25. Kxf1 Nb4 26. Kg2 Qd7 27. Qd1 Be7 28. Bd2
Qd8 29. Rxc8 Rxc8 30. Rc1 Rc7 31. Bxb4 axb4 32. Rxc7 Qxc7 33. Nd2 Nf8 34. Nb3
Nd7 35. a5 Nb8 36. Ne3 Qc3 37. Qb1 Bg5 38. Nc2 Na6 39. Ne1 Be7 40. Nf3 Bd8 41.
Qa2 Qc6 42. Ne1 Qc3 43. Nf3 Qc6 44. Nfd2 Kf8 45. Qb1 Bg5 46. f4 Be7 47. Qh7 f5
48. exf6 Bxf6 49. Qd3 Ke7 50. Kh2 Kd8 51. Qe3 Kc8 52. Nf3 Kb7 53. Nfd2 Ka7 54.
Kg2 Ka8 55. Kf1 Nc7 56. Nc5 Qb5+ 57. Kg2 Qxa5 58. Nxe6 Nxe6 59. Qxe6 Bxd4 60.
Kh3 Qb5 61. Kg4 b3 62. Qc8+ Ka7 63. Qc7+ Ka6 64. Qd6+ Bb6 65. Qa3+ Kb7 66. Qxb3
Qe2+ 67. Nf3 Qe6+ 68. Kh4 Kc8 69. Qc3+ Bc7 70. Nd4 Qe7+ 71. Kh3 Qe4 72. Nb5 Qc4
73. Qb2 Qf1+ 74. Kh2 Bb6 75. Nd6+ Kc7 76. Ne8+ Kc6 77. Qc3+ Qc4 78. Qf3 Qc2+ 79.
Kh3 Bd4 80. Qg4 Kb5 81. Qd7+ Kc4 82. Nd6+ Kd3 83. Qf5+ Kd2 84. Qxd5 Qd3 85. Nf5
Bf6 86. Qd6 Ke2 87. Qe6+ Kf1 88. Ne3+ Kg1 89. Qc6 Qe2 90. Qc1+ Kf2 91. Ng4+ Kf3
92. Qh1+ 1-0

[Event "Julius Baer GC - Preliminari"]
[Site "Internet"]
[Date "19.09.2022"]
[Round "6"]
[White "Saric, Ivan"]
[Black "Wojtaszek, Radoslaw"]
[Result "1-0"]
[WhiteTitle ""]
[BlackTitle ""]
[WhiteElo "2668"]
[BlackElo "2696"]
[WhiteFideId "14508150"]
[BlackFideId "1118358"]
[EventDate "2022.09.18"]

1. e4 e5 2. Nf3 Nc6 3. Bb5 a6 4. Ba4 Nf6 5. O-O Be7 6. d3 d6 7. c4 O-O 8. h3 Nd7
9. Be3 Bf6 10. Nc3 Nd4 11. Nd5 Nc5 12. Bc2 a5 13. Nxd4 exd4 14. Nxf6+ Qxf6 15.
Bd2 Qg6 16. Kh2 f5 17. f3 Bd7 18. Qe1 b5 19. b3 bxc4 20. bxc4 a4 21. Qh4 fxe4
22. fxe4 Rf7 23. Rf2 Raf8 24. Raf1 Rxf2 25. Rxf2 Rxf2 26. Qxf2 Qf6 27. Qxf6 gxf6
28. g4 Kf7 29. Kg3 Ne6 30. h4 c5 31. Bd1 Ke7 32. a3 Nd8 33. g5 Nf7 34. Bf4 fxg5
35. Bxg5+ Kf8 36. Bf6 Ne5 37. Be2 Kf7 38. Bg5 Ke6 39. h5 Be8 40. Kh4 Bf7 41. Bh6
Be8 42. Bg7 Nc6 43. Kg5 Kf7 44. h6 Ke7 45. Bg4 Bg6 46. Bd1 Ke6 47. Bxa4 Nd8 48.
Bd1 Nf7+ 49. Kf4 Ke7 50. a4 1-0

[Event "Julius Baer GC - Preliminari"]
[Site "Internet"]
[Date "19.09.2022"]
[Round "6"]
[White "Ivanchuk, Vassily"]
[Black "Yoo, Christopher"]
[Result "0-1"]
[WhiteTitle ""]
[BlackTitle ""]
[WhiteElo "2678"]
[BlackElo "2563"]
[WhiteFideId "14100010"]
[BlackFideId "30909694"]
[EventDate "2022.09.18"]

1. e4 e5 2. Nf3 Nc6 3. Bb5 a6 4. Ba4 Nf6 5. O-O Nxe4 6. d4 b5 7. Bb3 d5 8. dxe5
Be6 9. Be3 Be7 10. c3 Qd7 11. Nbd2 Nxd2 12. Qxd2 Na5 13. Bg5 O-O 14. Rad1 Rad8
15. Bc2 Bg4 16. Qf4 f6 17. e6 Bxe6 18. Qh4 Bf5 19. Bxf5 Qxf5 20. Bc1 c5 21. Rfe1
Nc6 22. h3 Rd7 23. Qg4 Qxg4 24. hxg4 Rfd8 25. g5 Kf7 26. gxf6 gxf6 27. Kf1 a5 0-1

[Event "Julius Baer GC - Preliminari"]
[Site "Internet"]
[Date "19.09.2022"]
[Round "6"]
[White "Duda, Jan-Krzysztof"]
[Black "Gelfand, Boris"]
[Result "1-0"]
[WhiteTitle ""]
[BlackTitle ""]
[WhiteElo "2731"]
[BlackElo "2668"]
[WhiteFideId "1170546"]
[BlackFideId "2805677"]
[EventDate "2022.09.18"]

1. e4 c5 2. Nf3 Nc6 3. Bb5 e6 4. O-O Nge7 5. c3 a6 6. Ba4 b5 7. Bc2 Bb7 8. a4
Ng6 9. Re1 c4 10. b4 cxb3 11. Bxb3 Be7 12. d4 b4 13. g3 Na5 14. Bc2 bxc3 15. h4
h6 16. d5 Bc5 17. h5 Ne7 18. Be3 Qc7 19. Bxc5 Qxc5 20. Ra3 O-O 21. Rxc3 Qb4 22.
d6 Nec6 23. e5 f5 24. exf6 Rxf6 25. Qd3 Rf5 26. Nbd2 Qb6 27. Rb1 Nb4 28. Qd4
Qxd4 29. Nxd4 Rxh5 30. Be4 Bxe4 31. Nxe4 Nac6 32. Nxc6 Nxc6 33. Rb7 Rd8 34. Rc5
Rd5 35. Rxd5 exd5 36. Nc5 Kf7 37. f4 g5 38. Kf2 gxf4 39. gxf4 a5 40. Rc7 Nd4 41.
Nb7 Rb8 42. Rxd7+ Kf6 43. Kg2 Ne6 44. Kf3 Nd4+ 45. Kg4 Rg8+ 46. Kh3 Ne6 47. Rh7
Nxf4+ 48. Kh2 Ne6 49. Rxh6+ Ke5 50. d7 d4 51. Rh5+ Ke4 52. Nd6+ Kf3 53. Rf5+ Ke2
54. Re5+ Kf3 55. Rxe6 d3 56. Rf6+ Ke2 57. Ne8 d2 58. d8=Q d1=Q 59. Re6+ Kf2 60.
Qf6+ Qf3 61. Qb2+ 1-0

[Event "Julius Baer GC - Preliminari"]
[Site "Internet"]
[Date "19.09.2022"]
[Round "7"]
[White "Gelfand, Boris"]
[Black "Giri, Anish"]
[Result "1/2-1/2"]
[WhiteTitle ""]
[BlackTitle ""]
[WhiteElo "2668"]
[BlackElo "2764"]
[WhiteFideId "2805677"]
[BlackFideId "24116068"]
[EventDate "2022.09.18"]

1. d4 Nf6 2. c4 e6 3. Nf3 Bb4+ 4. Nbd2 O-O 5. a3 Be7 6. e4 d6 7. Be2 Nfd7 8. Nf1
e5 9. Ng3 exd4 10. Nxd4 Nc6 11. Be3 Nc5 12. Nxc6 bxc6 13. b4 Ne6 14. O-O Bf6 15.
Rb1 c5 16. bxc5 Nxc5 17. Bxc5 dxc5 18. e5 Bxe5 19. Qxd8 Rxd8 20. Bf3 c6 21. Bxc6
Rb8 22. Rxb8 Bxb8 23. Bd5 Be6 24. Bxe6 fxe6 25. Rb1 Bxg3 26. hxg3 Rd4 27. Rb7 a5
28. Ra7 Rxc4 29. Rxa5 Kf7 30. Ra7+ Kf6 31. a4 h5 32. a5 Ra4 33. a6 c4 34. Rc7
Rxa6 35. Rxc4 e5 36. f3 g6 37. Kf2 Ra2+ 38. Kg1 Ra1+ 39. Kf2 Ra2+ 40. Kg1 Ra1+
41. Kf2 Ra2+ 1/2-1/2

[Event "Julius Baer GC - Preliminari"]
[Site "Internet"]
[Date "19.09.2022"]
[Round "7"]
[White "Yoo, Christopher"]
[Black "Duda, Jan-Krzysztof"]
[Result "0-1"]
[WhiteTitle ""]
[BlackTitle ""]
[WhiteElo "2563"]
[BlackElo "2731"]
[WhiteFideId "30909694"]
[BlackFideId "1170546"]
[EventDate "2022.09.18"]

1. e4 c6 2. d4 d5 3. Nc3 dxe4 4. Nxe4 Nf6 5. Nxf6+ exf6 6. c3 Bd6 7. Bd3 O-O 8.
Qc2 Re8+ 9. Ne2 h5 10. Be3 Nd7 11. O-O-O h4 12. Kb1 Nf8 13. h3 Be6 14. c4 Rc8
15. a3 g6 16. Nc3 f5 17. c5 Be7 18. Be2 Nd7 19. Bf3 b6 20. Qa4 Qc7 21. d5 cxd5
22. c6 Nf6 23. Be2 Qxc6 24. Bb5 Qa8 25. Bxe8 Nxe8 26. Nb5 d4 27. Rxd4 a6 28. Nc3
b5 29. Qd1 Bf6 30. f3 Qb7 31. Rd3 a5 32. Nd5 Bg7 33. Bg5 Kh7 34. Re1 b4 35. a4
b3 36. Nc3 Qb4 37. Qd2 Rc4 38. Be3 f4 39. Bf2 Bf5 40. Rxe8 Rxc3 41. bxc3 Bxc3
42. Rb8 Bxd2 43. Rxb4 Bxb4 44. Kb2 Bxd3 45. Kxb3 g5 0-1

[Event "Julius Baer GC - Preliminari"]
[Site "Internet"]
[Date "19.09.2022"]
[Round "7"]
[White "Wojtaszek, Radoslaw"]
[Black "Ivanchuk, Vassily"]
[Result "1-0"]
[WhiteTitle ""]
[BlackTitle ""]
[WhiteElo "2696"]
[BlackElo "2678"]
[WhiteFideId "1118358"]
[BlackFideId "14100010"]
[EventDate "2022.09.18"]

1. d4 Nf6 2. c4 e6 3. Nf3 d5 4. Nc3 c6 5. Bg5 Nbd7 6. e3 Qa5 7. Nd2 Bb4 8. Qc2
O-O 9. Be2 c5 10. Bf4 cxd4 11. exd4 Re8 12. O-O Bxc3 13. bxc3 e5 14. Be3 b6 15.
a4 exd4 16. cxd4 Ba6 17. Rfc1 Rac8 18. Qb2 h6 19. h3 Nb8 20. Qa3 Nc6 21. Bf3
Nxd4 22. Bxd4 Qxd2 23. Bxf6 gxf6 24. Bxd5 Rc5 25. Rd1 Qf4 26. g3 Qf5 27. Rd4 Bc8
28. Rf4 Qe5 29. Rd1 Kg7 30. Qf3 f5 31. Qh5 Re7 32. Rd3 Qf6 33. Qd1 Bd7 34. g4
Qg5 35. Qd2 fxg4 36. Rg3 Qe5 37. Kh2 h5 38. hxg4 hxg4 39. Kg2 f5 40. Rd4 Be8 41.
Qg5+ Bg6 42. Re3 Qxd4 43. Rxe7+ Kf8 44. Rd7 Rxd5 45. Qe7+ Kg8 46. Qd8+ 1-0

[Event "Julius Baer GC - Preliminari"]
[Site "Internet"]
[Date "19.09.2022"]
[Round "7"]
[White "Keymer, Vincent"]
[Black "Saric, Ivan"]
[Result "1-0"]
[WhiteTitle ""]
[BlackTitle ""]
[WhiteElo "2693"]
[BlackElo "2668"]
[WhiteFideId "12940690"]
[BlackFideId "14508150"]
[EventDate "2022.09.18"]

1. c4 g6 2. d4 Nf6 3. g3 c6 4. Bg2 d5 5. Nf3 Bg7 6. O-O O-O 7. a4 Be6 8. Nc3
dxc4 9. e4 Na6 10. h3 Nb4 11. Be3 Ne8 12. Qe2 Qa5 13. Rab1 Nc7 14. Ng5 Rad8 15.
Nxe6 Nxe6 16. d5 cxd5 17. exd5 Nd4 18. Bxd4 Bxd4 19. Qxc4 Qc5 20. Qb3 a5 21.
Rbd1 Rd7 22. h4 Kh8 23. Rd2 f5 24. Kh2 Bf6 25. Re1 Rc8 26. Rc1 Rcd8 27. Qd1 Qd6
28. f4 Qb8 29. Qf3 e6 30. Rcd1 b6 31. Qe3 e5 32. Nb5 exf4 33. Qxf4 Qxf4 34. gxf4
Bxh4 35. d6 Bf6 36. Re2 g5 37. Re6 Kg7 38. fxg5 Bxg5 39. Kg3 Kf7 40. Re2 Rc8 41.
Bd5+ Nxd5 42. Rxd5 Rc5 43. Rxc5 bxc5 44. Re5 Bf6 45. Rxf5 Ke6 46. Rxc5 Bxb2 47.
Kf4 Bg7 48. Ke4 Bf6 49. Rf5 Bg7 50. Rd5 Rf7 51. Rc5 Bf8 52. Rc6 Rf1 53. Nd4+ Kd7
54. Kd5 Rd1 55. Ra6 h5 56. Ra7+ Ke8 57. Ra8+ Kf7 58. d7 Bg7 59. d8=N+ Kg6 60.
Ne6 Bf6 61. Ke4 h4 62. Nf4+ Kf7 63. Ra7+ Kg8 64. Nde6 Bc3 65. Rc7 Ba1 66. Kf5
Rg1 67. Ng5 Kf8 68. Nd5 Rf1+ 69. Kg6 Ke8 70. Ne6 Rg1+ 71. Kh5 1-0

[Event "Julius Baer GC - Preliminari"]
[Site "Internet"]
[Date "19.09.2022"]
[Round "7"]
[White "Adhiban, Baskarat"]
[Black "Niemann, Hans"]
[Result "1/2-1/2"]
[WhiteTitle ""]
[BlackTitle ""]
[WhiteElo "2603"]
[BlackElo "2688"]
[WhiteFideId "5018471"]
[BlackFideId "2093596"]
[EventDate "2022.09.18"]

1. d4 Nf6 2. c4 e6 3. Nc3 Bb4 4. e3 O-O 5. Bd2 d5 6. Nf3 b6 7. cxd5 exd5 8. Bd3
Ba6 9. Bxa6 Nxa6 10. Qa4 Qc8 11. O-O Qb7 12. a3 Bd6 13. Rfc1 c6 14. Na2 c5 15.
dxc5 bxc5 16. b4 Rfc8 17. Rab1 cxb4 18. axb4 Nc7 19. Qc6 Qxc6 20. Rxc6 Nb5 21.
Rbc1 Rxc6 22. Rxc6 Ne4 23. Be1 Bf8 24. Kf1 Rd8 25. Nd4 Nxd4 26. exd4 Nd6 27. Nc3
Nf5 28. Nb5 Rd7 29. Rc7 Rxc7 30. Nxc7 Nxd4 31. Nxd5 f6 32. f4 Kf7 33. Bf2 Nb5
34. f5 Ke8 35. Ke2 Kd7 36. Kd3 Kc6 37. Nf4 Bxb4 38. Ne6 g6 39. fxg6 hxg6 40.
Nd4+ Nxd4 41. Bxd4 a5 42. Bxf6 Bd6 43. h4 Bg3 44. Kc4 Kd6 45. Kb5 Ke6 46. Bd8
Kf5 47. Kxa5 Kg4 48. Kb5 Bxh4 49. Bxh4 Kxh4 50. Kc4 Kg4 51. Kd4 Kf4 52. Kd3 g5
53. Ke2 Kg3 54. Kf1 Kh2 55. g4 Kg3 56. Kg1 Kxg4 57. Kg2 Kf4 58. Kf2 g4 59. Kg2
g3 60. Kg1 Kf3 61. Kf1 g2+ 62. Kg1 Kg3 1/2-1/2